00740nam a2200205 i 450000100060000000300090000600500170001500700030003200800410003502000180007608000190009408000220011310000330013524501640016826000510033230000300038365100530041365100350046685200330050199054ES-MaACL20240228150951.0t|051111s1976 sp ||||1| spa d a84-248-0309-4 a946.0"1872/76" a946.11.1 B."1874"1 aRuiz de Azúa, Estíbaliz.13aEl sitio de Bilbao en 1874 b: estudio del comportamiento social de una ciudad en guerra / cpor María Estíbaliz Ruiz de Azua y Martínez de Ezquerecocha. aBilbao : bLa Gran Enciclopedia Vasca, c1976. a322 p. : bil. ; c23 cm. 0aEspaña-xHistoria-y1872-1876, Guerra carlista 4aBilbao-xHistoria-y1873-1874. aES-MaACLjG-13290 bR.136583